000 01062cam a22002894a 4500
001 13564823
003 ARRUPE
005 20140624020005.0
008 040420s2004 nyu b 001 0 eng
010 _a 2004049551
020 _a1570755434 (pbk.)
040 _aDLC
_cDLC
_dDLC
042 _apcc
043 _af------
050 0 0 _aBR1360
_b.O36 2004
100 1 _aOduyoye, Mercy Amba.
_9652
245 1 0 _aBeads and strands :
_breflections of an African woman on Christianity in Africa /
_cMercy Amba Oduyoye.
260 _aMaryknoll, New York :
_bOrbis Books
_cc2004.
300 _axiii, 114 p.;
_c24 cm.
440 0 _aTheology in Africa series
_9653
504 _aIncludes bibliographical references and index.
650 0 _aChristianity
_zAfrica.
_9654
650 0 _aWomen in Christianity
_zAfrica.
_9655
906 _a7
_bcbc
_corignew
_d1
_eocip
_f20
_gy-gencatlg
942 _2lcc
_cMONOGRAPH
_01
999 _c117901
_d117901